000 00626nam a2200241 i 4500
001 C2-0234411
003 PPAK
005 20180727194847.0
008 010731s1997 my |||| ||||| | may d
020 _a9839459058
040 _aPPAK
_beng
_cPPAK
_erda
082 0 4 _a899.233
_223
090 0 0 _a899.233
_bADM
_dKIH
245 0 0 _aPerenang yang sombong
264 1 _aKuala Lumpur :
_bDiwangsa Publications & Distributors Sdn. Bhd. ,
_c1997
300 _a62 pages
336 _2rdacontent
_atext
337 _2rdamedia
_aunmediated
338 _2rdacarrier
_avolume
500 _abuku
700 _eauthor
942 _ddc
_cB
999 _c50670
_d50670